00500nam a2200157 a 450000100100000000500170001000800410002704000250006808200160009310000320010924500540014126000370019530000200023249000450025283000450029700003197920200930063329.0110707s19uu dr 000 p spa d aDO-SdBNPbspacBNPHU axxxxbC322u1 aCartagena, Elvis D.,d1965-13aUn amor para dos corazones /cElvis D. Cartagena. a[Santo Domingo :bs.n.,c19--?]. a15 p. ;c21 cm.1 aJessica María Contreras Villafañav1 0aJessica María Contreras Villafañav1